00563nam a2200205Ia 450000500170000000800410001702000140005808200130007210000120008524500300009725000080012726000300013530000130016565000190017865000140019765000300021194200060024195200950024799900150034220250124054343.0240331s9999 xx 000 0 und d a041506625 bBOYa911 aBoyd, A 3aAn atlas of world affairs a9th aNew YorkbRoutledgec1991 a240 p ., aWorld Politics a1945 Maps aHistorical Geography Maps cL 001040708LaWERCLbWERCLcSSCd2024-03-31l0o 911 BOYp3933r2024-03-31w2024-03-31yL c3434d3434